000
00195 a2200097 4500
001
35146
100
_a
A H M
245
_a
Doosra Rukh
260
_a
Lahore
_b
Sange Meel
_c
090
_c
23290
_d
23290
942
_a
NUST-CAE
_c
M
_c
14770
999
_c
270219
_d
270219